000 00595nam a2200169Ia 4500
003 GCL
008 140319s9999 xx 000 0 ara d
040 _aGCL /
_cGCL
082 0 4 _a819
_bج ب
100 1 _aالجاحظ : ابوعثمان عمرو بن بحر محبوب
245 1 0 _aالبخلاء /
_cالجاحظ : ابوعثمان عمرو بن بحر محبوب
260 _aسوريا :
_bدار المدى للثقافة والنشر ،
_c2003
300 _aمتعدد ؛
_c20 سم
650 0 4 _aالادب العربى
650 0 4 _aالبلاغة العربية
942 _2ddc
_cBK
999 _c33641
_d33641